000 00626nam a22001937a 4500
005 20140728120148.0
010 _aENG-110075
020 _a9789380607344
_c275.00
035 _aEN-93608
037 _bDBAD/PUB
082 _a954.02
100 _aSen, Sailendra Nath
245 _aA textbook of medieval Indian history /
_cby Sailendra Nath Sen
260 _aDelhi
_bPrimus Books
_c2013
270 _aVirat Bhavan, Mukherjee Nagar Commercial Complex
_bDelhi
_e110009
300 _aviii,278p. :
_c22cm(pbk)
_bill.
500 _aIncludes bibliographical references and index
942 _2ddc
_cEN
_mSEN
_h954.02
999 _c84503
_d84503